| 000 | 01116nam a2200301 a 4500 | ||
|---|---|---|---|
| 001 | 72378 | ||
| 003 | BD-RjUL | ||
| 005 | 20211209082244.0 | ||
| 008 | 170517s1998 stkab 001 0 eng d | ||
| 020 | _a1872291627 | ||
| 035 | _a(BD-RjUL) 72595 | ||
| 040 |
_aBDS _beng _cBD-RjUL _dBD-RjUL |
||
| 041 | _aeng | ||
| 082 | 0 |
_a634.973624 _223 _bNEJ 1998 |
|
| 100 | 1 | 0 |
_aNewman, M. F. _q(Michael Frederick), _d1934- _9214051 |
| 245 | 1 | 0 |
_aJava to New Guinea / _cM.F. Newman, P.F. Burgess, T.C. Whitmore. |
| 260 |
_aEdinburgh : _bRoyal Botanic Garden, Edinburgh, _c1998. |
||
| 300 |
_aix, 107 p. : _bill., ; _c21 cm. |
||
| 490 | _aManuals of dipterocarps for foresters | ||
| 504 | _aIncludes bibliography: (p. 97-100) and indexes. | ||
| 650 | 0 |
_aDipterocarpaceae _zSoutheast Asia _vHandbooks, manuals, etc. _9214052 |
|
| 650 | 0 |
_aTrees _zSoutheast Asia _vHandbooks, manuals, etc. _9214053 |
|
| 700 | 1 |
_aBurgess, P. F. _9214054 |
|
| 700 | 1 |
_aWhitmore, T. C. _q(Timothy Charles) _9206056 |
|
| 710 | 2 |
_aRoyal Botanic Garden, Edinburgh. _9214055 |
|
| 830 | 0 |
_aManuals of dipterocarps for foresters _9214056 |
|
| 942 |
_2ddc _cBK |
||
| 999 |
_c72378 _d72378 |
||